Vernacular buildings and urban social practice : wood and people in early modern Swedish society /
Wooden buildings housed the majority of Swedish urban populations during the early modern era, but many of these buildings have disappeared as the result of fire, demolition, and modernisation. This book reveals the fundamental role played by the wooden house in the formation of urban Sweden and Swe...
المؤلف الرئيسي:
التنسيق: كتاب الكتروني
اللغة: English
منشور في:
Oxford :
Archaeopress Archaeology,
2021.
الموضوعات:
الوصول للمادة أونلاين: Login to view Source
الوسوم: إضافة وسم
رقم الطلب: NA7382
| LEADER | 01887nam a2200409 i 4500 | ||
|---|---|---|---|
| 001 | EDZ0002408629 | ||
| 003 | StDuBDS | ||
| 005 | 20230412182850.0 | ||
| 006 | m|||||o||d|||||||| | ||
| 007 | cr ||||||||||| | ||
| 008 | 210118s2021 enka fob 000|0|eng|d | ||
| 020 | |a 9781789696783 (PDF ebook) : |c No price | ||
| 040 | |a StDuBDS |b eng |c StDuBDS |e rda |e pn | ||
| 050 | 4 | |a NA7382 | |
| 082 | 0 | 4 | |a 728.09485 |2 23 |
| 100 | 1 | |a Nilsen, Andrine, |e author. | |
| 245 | 1 | 0 | |a Vernacular buildings and urban social practice : |b wood and people in early modern Swedish society / |c Andrine Nilsen. |
| 264 | 1 | |a Oxford : |b Archaeopress Archaeology, |c 2021. | |
| 300 | |a 1 online resource (336 pages) : |b illustrations | ||
| 336 | |a text |2 rdacontent | ||
| 336 | |a still image |2 rdacontent | ||
| 337 | |a computer |2 rdamedia | ||
| 338 | |a online resource |2 rdacarrier | ||
| 500 | |a Also issued in print: 2021. | ||
| 504 | |a Includes bibliographical references. | ||
| 520 | 8 | |a Wooden buildings housed the majority of Swedish urban populations during the early modern era, but many of these buildings have disappeared as the result of fire, demolition, and modernisation. This book reveals the fundamental role played by the wooden house in the formation of urban Sweden and Swedish history. | |
| 521 | |a Specialized. | ||
| 588 | |a Description based on online resource; title from PDF title page (viewed on January 28, 2021). | ||
| 650 | 0 | |a Dwellings |z Sweden |x History. | |
| 650 | 0 | |a Building, Wooden |z Sweden |x History. | |
| 650 | 0 | |a City and town life |z Sweden |x History. | |
| 651 | 0 | |a Sweden |x Social conditions. | |
| 776 | 0 | 8 | |i Print version : |z 9781789696776 |
| 856 | 4 | 0 | |3 Archaeopress |u http://library.arce.org:8087/Archaeopress/Products/9781789696776 |
| 942 | |2 lcc |c EBOOK | ||
| 952 | |0 0 |1 0 |4 0 |6 NA7382 |7 1 |9 46722 |a ARCH |b ARCH |d 2023-04-12 |l 0 |o NA7382 |r 2023-04-12 00:00:00 |w 2023-04-12 |y EBOOK | ||
| 999 | |c 52380 |d 52380 | ||
